| 000 | 00445nam a2200157 i 4500 | ||
|---|---|---|---|
| 001 | 88623 | ||
| 003 | ES-MaACL | ||
| 005 | 20230906175907.0 | ||
| 007 | t| | ||
| 008 | 050105s1972 sp ||||1| spa d | ||
| 100 | 1 |
_aLancaster, J. F. _969892 |
|
| 245 | 1 | 0 |
_aTratado de soldadura / _cJ.F. Lancaster ; [traducción por R.M.J.]. |
| 260 |
_aMadrid : _bTecnos, _c[1972] |
||
| 300 |
_a294 p. : _bil. ; _c24 cm. |
||
| 852 |
_aES-MaACL _jC-43326 _bR.82035 |
||
| 999 |
_c88623 _d88623 |
||